[Event "Athens PAO CC-ch 16th"]
[Site "Athens"]
[Date "2024.02.02"]
[Round "3"]
[White "Marianidis, Dimitrios"]
[Black "Megagiannis, Maximos"]
[Result "1/2-1/2"]
[WhiteElo "1544"]
[BlackElo "1175"]
[PlyCount "108"]
[EventDate "2024.01.19"]
[EventType "swiss"]
[EventRounds "7"]
[EventCountry "GRE"]
[SourceTitle "CB16_2024"]
[SourceDate "2024.04.17"]
[SourceVersion "1"]
[SourceVersionDate "2024.04.17"]
[SourceQuality "1"]

1. e4 c5 2. Nc3 d6 3. g3 g6 4. Bg2 Bg7 5. d3 Nc6 6. Be3 e5 7. Qd2 Nd4 8. Nd5 Be6 9. c3 h5 10. f4 Bxd5 11. cxd4 cxd4 12. Bxd4 Bxe4 13. Bxe4 exd4 14. Bxb7 Rb8 15. Bc6+ Kf8 16. Ne2 Qb6 17. Rc1 Ne7 18. Bf3 Qxb2 19. Rc2 Qb4 20. Qxb4 Rxb4 21. 0-0 Bf6 22. Rfc1 Kg7 23. Rc7 Ra4 24. R1c2 Ra3 25. Nc1 Re8 26. Nb3 Nf5 27. Bd5 Re7 28. Rxe7 Nxe7 29. Bf3 Nf5 30. Kf2 Ne3 31. Rd2 Kh6 32. Ke2 a5 33. Rb2 Nc4 34. Rc2 Ne3 35. Rb2 Bg7 36. Nd2 f5 37. Bc6 Rc3 38. Ba4 h4 39. Rb3 Rxb3 40. Bxb3 h3 41. Nf3 Ng4 42. Ng5 Nxh2 43. Nxh3 Kh5 44. Kf2 Ng4+ 45. Kf3 Nf6 46. Be6 Ne8 47. g4+ Kh4 48. gxf5 Nc7 49. Ng5 gxf5 50. Bxf5 Nd5 51. Be6 Nxf4 52. Kxf4 Bh6 53. Ke4 Bxg5 54. Kxd4 Bf4 1/2-1/2